000
00330 a2200157 4500
001
71607
020
_a
040
_c
Anchieta - Colégio São Paulo
100
_a
Gouveia, Luis Augusto
240
1
0
_a
Que droga!
_l
por
245
1
0
_a
Que droga!
300
_a
20
362
0
_a
2003
650
4
_a
Literatura infantil
942
_c
BK
999
_c
71607
_d
71607